[Ourense (Record no. 85826)

MARC details
000 -LEADER
campo de control de longitud fija 02157nkc a22002897a 4500
001 - NÚMERO DE CONTROL
campo de control 85826
005 - FECHA Y HORA DE LA ÚLTIMA TRANSACCIÓN
campo de control 20260429113142.0
007 - CAMPO FIJO DE DESCRIPCIÓN FÍSICA--INFORMACIÓN GENERAL
campo de control de longitud fija kh boc
008 - DATOS DE LONGITUD FIJA--INFORMACIÓN GENERAL
campo de control de longitud fija 260421s1902 sp ||||| |||| |0| i|spa d
040 ## - FUENTE DE CATALOGACIÓN
Centro catalogador/agencia de origen M-RABA
Lengua de catalogación spa
Centro/agencia transcriptor M-RABA
245 01 - MENCIÓN DEL TÍTULO
Título [Ourense
Resto del título : Convento de Celanova]
Medio [Material gráfico]
260 ## - PUBLICACIÓN, DISTRIBUCIÓN, ETC.
Fecha de publicación, distribución, etc. 1902
300 ## - DESCRIPCIÓN FÍSICA
Extensión 3 fotografías
Otras características físicas : aristotipo
Dimensiones ; imagen 11 x 8 cm
-- ; soporte secundario 17, 5 x 14, 5 cm
500 00 - NOTA GENERAL
Nota general Conjunto de 3 fotografías del Monasterio de San Salvador, también conocido como Convento de Celanova, en Ourense, que muestra vistas de fachadas exteriores y estancias interiores.
500 00 - NOTA GENERAL
Nota general Nota manuscrita a tinta en el verso del soporte secundario que indica ubicación y fecha: Fot-724: "Orense. 2 Septiembre 1902. Puertas del trascoro del Convento de Celanova" -- Fot-725: "Orense. 2 Septiembre 1902. Sillería de coro de la Catedral de Celanova" -- Fot-726: "Orense. 2 Septiembre 1902. Patio del Convento de Celanova".
610 20 - PUNTO DE ACCESO ADICIONAL DE MATERIA--NOMBRE DE ENTIDAD CORPORATIVA
Nombre de entidad corporativa o nombre de jurisdicción como elemento de entrada Monasterio de San Salvador (Ourense)
9 (RLIN) 111700
651 #7 - PUNTO DE ACCESO ADICIONAL DE MATERIA--NOMBRE GEOGRÁFICO
Nombre geográfico Ourense (Galicia)
9 (RLIN) 75322
655 #0 - TERMINO DE INDIZACIÓN--GENERO/FORMA
Datos o término principal de género/forma Fotografías de monumentos
9 (RLIN) 111580
852 ## - LOCALIZACIÓN
Número de control de estantería Fot-724; Fot-725; Fot-726
856 ## - LOCALIZACIÓN Y ACCESO ELECTRÓNICOS
Identificador Uniforme de Recurso <a href="https://archivoybiblioteca.realacademiabellasartessanfernando.com/cgi-bin/koha/opac-retrieve-file.pl?id=1f4346ccc82d555aff187adef70900d4">https://archivoybiblioteca.realacademiabellasartessanfernando.com/cgi-bin/koha/opac-retrieve-file.pl?id=1f4346ccc82d555aff187adef70900d4</a>
Texto de enlace Fot-724r
856 ## - LOCALIZACIÓN Y ACCESO ELECTRÓNICOS
Identificador Uniforme de Recurso <a href="https://archivoybiblioteca.realacademiabellasartessanfernando.com/cgi-bin/koha/opac-retrieve-file.pl?id=ba4431a0fb2c9c05e22ae054bdacbf40">https://archivoybiblioteca.realacademiabellasartessanfernando.com/cgi-bin/koha/opac-retrieve-file.pl?id=ba4431a0fb2c9c05e22ae054bdacbf40</a>
Texto de enlace Fot-724v
856 ## - LOCALIZACIÓN Y ACCESO ELECTRÓNICOS
Identificador Uniforme de Recurso <a href="https://archivoybiblioteca.realacademiabellasartessanfernando.com/cgi-bin/koha/opac-retrieve-file.pl?id=7d42f6e8ba1119b24ff991effd5dd5fb">https://archivoybiblioteca.realacademiabellasartessanfernando.com/cgi-bin/koha/opac-retrieve-file.pl?id=7d42f6e8ba1119b24ff991effd5dd5fb</a>
Texto de enlace Fot-725r
856 ## - LOCALIZACIÓN Y ACCESO ELECTRÓNICOS
Identificador Uniforme de Recurso <a href="https://archivoybiblioteca.realacademiabellasartessanfernando.com/cgi-bin/koha/opac-retrieve-file.pl?id=21df259d3fc0beae518ad277baa119de">https://archivoybiblioteca.realacademiabellasartessanfernando.com/cgi-bin/koha/opac-retrieve-file.pl?id=21df259d3fc0beae518ad277baa119de</a>
Texto de enlace Fot-725v
856 ## - LOCALIZACIÓN Y ACCESO ELECTRÓNICOS
Identificador Uniforme de Recurso <a href="https://archivoybiblioteca.realacademiabellasartessanfernando.com/cgi-bin/koha/opac-retrieve-file.pl?id=8032bbb4e5db5dd398bfb77e62d1fb0e">https://archivoybiblioteca.realacademiabellasartessanfernando.com/cgi-bin/koha/opac-retrieve-file.pl?id=8032bbb4e5db5dd398bfb77e62d1fb0e</a>
Texto de enlace Fot-726r
856 ## - LOCALIZACIÓN Y ACCESO ELECTRÓNICOS
Identificador Uniforme de Recurso <a href="https://archivoybiblioteca.realacademiabellasartessanfernando.com/cgi-bin/koha/opac-retrieve-file.pl?id=905400ffde42a4f8456ce7b63494db0e">https://archivoybiblioteca.realacademiabellasartessanfernando.com/cgi-bin/koha/opac-retrieve-file.pl?id=905400ffde42a4f8456ce7b63494db0e</a>
Texto de enlace Fot-726v
942 ## - ELEMENTOS DE ENTRADA SECUNDARIOS (KOHA)
Tipo de ítem Koha Fotografías
Suprimir en OPAC No
Holdings
Estatus retirado Estado de pérdida Fuente de la clasificación o esquema de estantería Estado de daño No para préstamo Colección Biblioteca de origen Biblioteca actual Ubicación en estantería Fecha de adquisición Total de préstamos Signatura topográfica completa Código de barras Visto por última vez Precio de reemplazo Tipo de ítem Koha
    Clasificación Decimal Dewey     Fotografía Real Academia de la Bellas Artes de San Fernando Real Academia de la Bellas Artes de San Fernando Depósito 2 21/04/2026   Fot-724 1097047 21/04/2026 21/04/2026 Fotografías
    Clasificación Decimal Dewey     Fotografía Real Academia de la Bellas Artes de San Fernando Real Academia de la Bellas Artes de San Fernando Depósito 2 21/04/2026   Fot-725 1097048 21/04/2026 21/04/2026 Fotografías
    Clasificación Decimal Dewey     Fotografía Real Academia de la Bellas Artes de San Fernando Real Academia de la Bellas Artes de San Fernando Depósito 2 21/04/2026   Fot-726 1097049 21/04/2026 21/04/2026 Fotografías

Powered by Koha